[Event "JUG-ch"]
[Site "Banja Vrucica"]
[Date "1991.??.??"]
[Round "?"]
[White "Obralic, Esad"]
[Black "Bakic, Dragan"]
[Result "1/2-1/2"]
[WhiteElo "2295"]
[BlackElo "2235"]

1.d4 d6 2.Nf3 Nf6 3.c4 g6 4.g3 Bg7 5.Bg2 O-O 6.O-O Nbd7 7.Nc3 c6 8.Qc2 e5
9.Rd1 Qe7 10.e4 exd4 11.Nxd4 Nc5 12.Bf4 Rd8 13.h3 a5 14.Rd2 Ne6 15.Nxe6 Bxe6
16.Rad1 Ne8 17.b3 h5 18.Na4 b5 19.cxb5 cxb5 20.Nb6 Rab8 21.Nd5 Qd7 22.Kh2 Rdc8
23.Qd3 Bf8 24.e5 dxe5 25.Bxe5 Rb7 26.Qe3 Bxd5 27.Bxd5 Ra7 28.Qe4 Qf5 29.Qxf5 gxf5
30.Bf3 Bg7 31.Rd8 Rxd8 32.Rxd8 Re7 33.Bf4 Kh7 34.Rd5 Kg6 35.Rxb5 Bc3 36.a3 Ng7
37.b4 axb4 38.axb4 Ne6 39.Rb6 h4 40.Kg2 f6 41.Bd6 Rd7 42.gxh4 Bd4 43.Rc6 Nd8
44.Ra6 Nb7 45.Bf4 Bc3 46.h5+ Kh7 47.Ra7 Nc5 48.Rxd7+ Nxd7 49.b5 Bd4 50.Bd5 Be5
51.Kf3  1/2-1/2

[Event "JUG-ch"]
[Site "Banja Vrucica"]
[Date "1991.??.??"]
[Round "?"]
[White "Barlov, Dragan"]
[Black "Ristic, Nebojsa"]
[Result "1-0"]
[WhiteElo "2505"]
[BlackElo "2410"]

1.Nf3 Nf6 2.d4 g6 3.c4 Bg7 4.g3 O-O 5.Bg2 d6 6.O-O Nbd7 7.Nc3 e5 8.h3 Re8
9.e4 exd4 10.Nxd4 Nc5 11.Re1 Bd7 12.Nb3 Na4 13.Nxa4 Bxa4 14.Bg5 h6 15.Bd2 Nd7
16.Qc1 Ne5 17.Re3 c5 18.Rb1 Bd7 19.f4 Nc6 20.Bc3 Nd4 21.Qd2 Qb6 22.Rbe1 Rac8
23.Kh2 Be6 24.Qd3 h5 25.Rd1 Qa6 26.Nxd4 cxd4 27.Bxd4 Bxc4 28.Qd2 Bxd4 29.Qxd4 Bxa2
30.Ra3 Qc4 31.Qe3 Qe6 32.f5 gxf5 33.Qg5+ Qg6 34.Qxg6+ fxg6 35.Rxa2 Rc2 36.exf5 Ree2
37.Rg1 gxf5 38.Rxa7 Rxb2 39.Ra4 Kf7 40.Rh4 d5 41.Rxh5 Ke6 42.Rh8  1-0

[Event "JUG-ch"]
[Site "Banja Vrucica"]
[Date "1991.??.??"]
[Round "?"]
[White "Drasko, Milan"]
[Black "Brkljaca, Ante"]
[Result "1-0"]
[WhiteElo "2500"]
[BlackElo "2420"]

1.d4 Nf6 2.c4 d6 3.Nf3 g6 4.g3 Bg7 5.Bg2 O-O 6.O-O c5 7.d5 b5 8.cxb5 a6 9.bxa6 Bxa6
10.Nc3 Nbd7 11.Re1 Ra7 12.Rb1 Rb7 13.b3 Qa5 14.Bd2 Rfb8 15.a4 Qd8 16.h3 Rb6
17.Qc2 Qc8 18.e4 Ne8 19.Na2 Qb7 20.b4 cxb4 21.Nxb4 Nc5 22.Nxa6 Qxa6 23.a5 Rb2
24.Rxb2 Rxb2 25.Qd1 Qc4 26.Bf1 Qa2 27.e5 Bxe5 28.Bc1 Rb1 29.Nxe5 dxe5 30.Qd2 Qa1
31.Qc2 Nb3 32.Qc6 Nd6 33.Bh6 f6 34.Qa8+  1-0

[Event "BUL-chT"]
[Site "Bankia"]
[Date "1991.??.??"]
[Round "1"]
[White "Georgiev, Kiril"]
[Black "Ivanov, Jordan"]
[Result "1-0"]
[WhiteElo "2585"]
[BlackElo "2370"]

1.d4 Nf6 2.c4 g6 3.Nf3 Bg7 4.g3 O-O 5.Bg2 d6 6.Nc3 Nbd7 7.O-O e5 8.h3 Re8
9.e4 exd4 10.Nxd4 Nc5 11.Re1 a5 12.Ndb5 Be6 13.e5 dxe5 14.Qxd8 Rexd8 15.Nxc7 Rac8
16.Nxe6 fxe6 17.b3 e4 18.Rb1 Rd3 19.Nb5 Nfd7 20.Bf4 g5 21.Bxg5 Ne5 22.Be3 Nf3+
23.Bxf3 exf3 24.Rbd1 Rxd1 25.Rxd1 Ne4 26.a4 Be5 27.Rd7 Rf8 28.Bh6 Rf6 29.Bg7 Bxg3
30.Bxf6 Bxf2+ 31.Kf1 Be3 32.Be5  1-0

[Event "Pan American"]
[Site "Bariloche"]
[Date "1991.??.??"]
[Round "10"]
[White "Scarella, Enrique"]
[Black "Vescovi, Giovanni"]
[Result "0-1"]
[WhiteElo "2245"]
[BlackElo "2260"]

1.Nf3 Nf6 2.c4 g6 3.d4 Bg7 4.g3 O-O 5.Bg2 d6 6.Nc3 Nbd7 7.O-O c6 8.e4 e5
9.Rb1 a5 10.h3 Re8 11.Be3 Qc7 12.b3 exd4 13.Nxd4 Nc5 14.Qc2 Qe7 15.Rfe1 Nfxe4
16.Nxe4 Nxe4 17.Bxe4 Qxe4 18.Bd2 Bf5 19.Rxe4 Bxe4 20.Qd1 Bxb1 21.Bc3 Be4
22.g4 c5 23.Nb5 Bxc3 24.Nxc3 Rad8 25.Qd2 Bc6 26.Nd5 Bxd5 27.Qxd5 Rd7 28.Qd2 d5
29.cxd5 b6 30.Qd3 Re5 31.Qa6 Rd6 32.Qb7 Rexd5 33.Kg2 Kg7 34.h4 h6 35.Qa6 Rd2
36.g5 hxg5 37.hxg5 R6d5 38.Qxb6 Rxg5+ 39.Kf3 Rxa2 40.Ke3 Re5+ 41.Kd3 Rxf2  0-1

[Event "Beersheba"]
[Site "Beersheba"]
[Date "1991.??.??"]
[Round "?"]
[White "Tseitlin, Mark D"]
[Black "Dolmatov, Sergey"]
[Result "1/2-1/2"]
[WhiteElo "2435"]
[BlackElo "2620"]

1.d4 Nf6 2.Nf3 g6 3.c4 Bg7 4.g3 O-O 5.Bg2 d6 6.O-O Nbd7 7.Qc2 e5 8.Rd1 Re8
9.dxe5 dxe5 10.a4 a5 11.c5 c6 12.Na3 Qe7 13.Nc4 Qxc5 14.Nfd2 Nb6 15.b3 Nbd5
16.Bb2 Bg4 17.Nf1 e4 18.Bd4 Qe7 19.Nfe3 Be6 20.Nxd5 cxd5 21.Nb6 Ra6 22.Rac1 Ng4
23.Bxg7  1/2-1/2

[Event "Belgrade op"]
[Site "Belgrade"]
[Date "1991.??.??"]
[Round "?"]
[White "Nestorovic, Dejan"]
[Black "Bakic, Dragan"]
[Result "1-0"]
[WhiteElo "2330"]
[BlackElo "2235"]

1.d4 Nf6 2.Nf3 g6 3.c4 Bg7 4.g3 O-O 5.Bg2 d6 6.O-O c5 7.d5 Na6 8.Nc3 Nc7
9.e4 Rb8 10.a4 a6 11.a5 b5 12.axb6 Rxb6 13.Re1 Nd7 14.Qc2 Rb4 15.b3 e6 16.Bg5 f6
17.Bd2 exd5 18.Nxd5 Nxd5 19.exd5 Rb8 20.Ba5 Nb6 21.b4 Qc7 22.Qd2 Qa7 23.Qf4 Qc7
24.Rab1 Bf5 25.Rb2 cxb4 26.c5 Qxc5 27.Bxb4 Nxd5 28.Bxc5 Nxf4 29.Rxb8 Rxb8
30.Bxd6 Nxg2 31.Kxg2 a5  1-0

[Event "Belgrade-C"]
[Site "Belgrade"]
[Date "1991.??.??"]
[Round "3"]
[White "Kapetanovic, Armin"]
[Black "Cabrilo, Goran"]
[Result "1-0"]
[WhiteElo "2440"]
[BlackElo "2490"]

1.d4 Nf6 2.Nf3 g6 3.c4 Bg7 4.g3 O-O 5.Bg2 d6 6.O-O Nc6 7.d5 Na5 8.Nfd2 c5
9.Qc2 e5 10.Nc3 Bd7 11.b3 a6 12.Bb2 b5 13.Rae1 Rb8 14.Nd1 Nh5 15.e4 f5 16.exf5 Bxf5
17.Qc3 bxc4 18.bxc4 Qb6 19.Ne4 Bxe4 20.Bxe4 Qb4 21.Bd3 Rf7 22.Bc1 Qa4 23.Bd2 Rb4
24.Qc1 Qxa2 25.Re2 Nb3 26.Bxb4 Nxc1 27.Rxa2 Nxa2 28.Ba5 Rb7 29.Ne3 Rb3 30.Bc2 Rb2
31.Ra1 Bh6 32.Bb1 Bxe3 33.fxe3 Nb4 34.Bc7 Nf6 35.Bxd6 Nd7 36.Be4 Re2 37.Bg2 Rxe3
38.Bh3 Nf6 39.Bxc5 Rb3 40.d6 Nc2  1-0

[Event "Belgrade-B"]
[Site "Belgrade"]
[Date "1991.??.??"]
[Round "9"]
[White "Nestorovic, Dejan"]
[Black "Zakic, Srdjan"]
[Result "0-1"]
[WhiteElo "2330"]
[BlackElo "2350"]

1.d4 Nf6 2.c4 g6 3.Nf3 Bg7 4.g3 O-O 5.Bg2 d6 6.O-O c6 7.Nc3 Bf5 8.Nh4 Be6
9.d5 cxd5 10.cxd5 Bd7 11.h3 b5 12.a3 a5 13.Be3 Na6 14.Nf3 Nc7 15.Qb3 b4 16.axb4 axb4
17.Rxa8 Qxa8 18.Qxb4 Rb8 19.Qc4 Ncxd5 20.Ng5 Bc6 21.Nxd5 Bxd5 22.Bxd5 Nxd5
23.Rd1 e6 24.Bc1 Bxb2 25.Bxb2 Rxb2 26.e4 Qa7 27.Qc8+ Kg7 28.Rf1 Qc7 29.Qa6 Nf6
30.Qd3 Qb6 31.Kg2 Qb4 32.Rc1 h6 33.e5 Qb7+ 34.Qf3 dxe5  0-1

[Event "Belgrade-B"]
[Site "Belgrade"]
[Date "1991.??.??"]
[Round "12"]
[White "Shuraev, Andrei"]
[Black "Peev, Peicho Chonev"]
[Result "1/2-1/2"]
[WhiteElo "2360"]
[BlackElo "2400"]

1.Nf3 g6 2.g3 Bg7 3.d4 Nf6 4.Bg2 O-O 5.c4 d6 6.O-O c6 7.Nc3 Bg4 8.h3 Bxf3
9.Bxf3 Nbd7 10.b3 e5 11.dxe5 dxe5 12.Qc2 Re8 13.Bg2 Qe7 14.Be3  1/2-1/2

[Event "Berliner Sommer"]
[Site "Berlin"]
[Date "1991.??.??"]
[Round "?"]
[White "Baburin, Alexander"]
[Black "Meissner, Hans Juergen"]
[Result "1-0"]
[WhiteElo "2470"]
[BlackElo "2280"]

1.d4 Nf6 2.c4 g6 3.Nf3 Bg7 4.g3 O-O 5.Bg2 d6 6.O-O a6 7.Nc3 Nc6 8.d5 Na5
9.Nd2 Nd7 10.Qc2 Ne5 11.b3 c6 12.Bb2 b5 13.dxc6 Naxc6 14.cxb5 axb5 15.Nxb5 Nb4
16.Qb1 Bf5 17.Be4 Bg4 18.Bxa8 Bxe2 19.Bg2 Bxb5 20.Nc4 Nbd3 21.Bc3 Nxc4 22.Qxd3 Na3
23.Qd2 Bxf1 24.Bxg7 Kxg7 25.Bxf1 Kg8 26.Rc1 Qb6 27.h4 h5 28.Qd5 Qb4 29.Rc7 Qe1
30.Qd3 Rb8 31.Qe3 Qxe3 32.fxe3 e6 33.Rc6 d5 34.Bd3 Kg7 35.Rc5 Ra8 36.Kf2 Kf6
37.Ke2 Ke5 38.Rc7 f5 39.Kd2 Rb8 40.Kc3 Nb5+ 41.Bxb5 Rxb5 42.Rc6 Rb8 43.b4 Ra8
44.Kb3 d4 45.exd4+ Kd5 46.b5 g5 47.hxg5 Rg8 48.a4 Rxg5 49.Rc3  1-0

[Event "Bern"]
[Site "Bern"]
[Date "1991.??.??"]
[Round "5"]
[White "Barbero, Gerardo F"]
[Black "Zueger, Beat"]
[Result "1/2-1/2"]
[WhiteElo "2495"]
[BlackElo "2425"]

1.d4 Nf6 2.c4 g6 3.g3 Bg7 4.Bg2 O-O 5.Nf3 d6 6.Nc3 c6 7.O-O a6 8.d5 cxd5
9.cxd5 b5 10.a3 Bb7 11.Nd4 Nbd7 12.b3 Rc8 13.Bb2 Qb6 14.e3 Rc7 15.Qd2 Rfc8
16.Rfc1 Nc5 17.Qd1 b4 18.axb4 Qxb4 19.Na2 Qb6 20.b4 Ncd7 21.Rxc7 Rxc7 22.Nb3 Ne8
23.Bxg7 Kxg7 24.Na5 Nef6 25.Qb3 Qb5 26.Rd1 Qe2 27.Nc1 Qb5 28.Na2 Qe2 29.Nc1 Qb5  1/2-1/2

[Event "Bern"]
[Site "Bern"]
[Date "1991.??.??"]
[Round "6"]
[White "Miralles, Gilles"]
[Black "Gallagher, Joseph G"]
[Result "1-0"]
[WhiteElo "2470"]
[BlackElo "2520"]

1.d4 Nf6 2.c4 g6 3.Nf3 Bg7 4.g3 O-O 5.Bg2 d6 6.Nc3 Nbd7 7.O-O e5 8.e4 exd4
9.Nxd4 Re8 10.h3 a6 11.Re1 Rb8 12.Be3 c5 13.Nc2 Ne5 14.b3 b5 15.cxb5 axb5
16.f4 Ned7 17.Qxd6 b4 18.e5 Rb6 19.Qd1 bxc3 20.exf6 Bxf6 21.Qd5 Bb7 22.Qc4 Bxg2
23.Kxg2 Rd6 24.Re2 Qc8 25.Qb5 Bd4 26.Rae1 Qa8+ 27.Kf2 Bxe3+ 28.Nxe3 Rd2 29.Nf1 Rexe2+
30.Rxe2 c2 31.Nxd2 c1=Q 32.Qxd7 Kg7 33.Re7 Qf8 34.Re8 Qxe8 35.Qxe8 Qxd2+
36.Qe2 Qd4+ 37.Kg2 Kh6 38.Qc2 Qd5+ 39.Kh2 Kg7 40.Qc3+ f6 41.h4 h5 42.a4 Qd6
43.Kg2 Kf7 44.Kf2 f5 45.Ke2 Qe6+ 46.Kd2 Qc6 47.Qd3 Ke7 48.Kc3 Qf6+ 49.Kc2 Qc6
50.Kb2 Qg2+ 51.Ka3 Qg1 52.Qc3 Kd6 53.a5 Qb1 54.Qe5+ Kc6 55.Qe6+ Kb7 56.Qb6+ Ka8
57.Qxc5 Qa1+ 58.Kb4 Qe1+ 59.Qc3 Qe7+  1-0

[Event "Biel op (Women)"]
[Site "Biel"]
[Date "1991.??.??"]
[Round "2"]
[White "Van Parreren, Hanneke"]
[Black "Gerlach, Manuela"]
[Result "1/2-1/2"]
[WhiteElo "2140"]
[BlackElo "2075"]

1.d4 Nf6 2.c4 g6 3.Nf3 Bg7 4.g3 O-O 5.Bg2 d6 6.O-O Nbd7 7.Nc3 e5 8.e4 c6
9.h3 Re8 10.Re1 exd4 11.Nxd4 Nc5 12.Rb1 a5 13.Bf4 Nh5 14.Be3 Qc7 15.Qc2 Bd7
16.Rbd1 Rad8 17.b3 Bc8 18.a3 Rf8 19.b4 Ne6 20.Nde2 f5 21.exf5 gxf5 22.f4 axb4
23.axb4 Rde8 24.Qd3 Rd8 25.Kh2 Qf7 26.Bb6 Rd7 27.Nd4 Nxd4 28.Bxd4 Qg6 29.Qf3 Nf6
30.Bf1 Rdd8 31.Bf2 Qh6 32.Kg1 Ne4 33.Nxe4 fxe4 34.Rxe4 Bxh3 35.Bxh3 Qxh3
36.Re7 Rf7 37.Qe4 Rxe7 38.Qxe7 Qd7 39.Qxd7 Rxd7 40.Kg2 Kf7 41.Bd4  1/2-1/2

[Event "POL-chB"]
[Site "Bielsko-Biala"]
[Date "1991.??.??"]
[Round "11"]
[White "Grabarczyk, Miroslaw"]
[Black "Kaminski, Marcin"]
[Result "0-1"]
[WhiteElo "2275"]
[BlackElo "2305"]

1.d4 Nf6 2.c4 g6 3.Nf3 Bg7 4.g3 O-O 5.Bg2 d6 6.Nc3 Nbd7 7.O-O e5 8.e4 c6
9.h3 Qb6 10.d5 cxd5 11.cxd5 Nc5 12.Qe2 Bd7 13.Be3 Rfc8 14.Rab1 a5 15.Nd2 Qd8
16.b3 Ne8 17.Rbc1 Rab8 18.a3 b5 19.b4 axb4 20.axb4 Na4 21.Ncb1 Rxc1 22.Rxc1 Rc8
23.Nb3 Rxc1+ 24.Bxc1 Qc8 25.Be3 Nc3 26.Qd3 Nxb1 27.Qxb1 Bxh3 28.Bxh3 Qxh3
29.Qd3 Nf6 30.Qxb5 Ng4 31.Qd3 h5 32.Ba7 h4 33.Qf3 Nf6 34.b5 Qd7 35.b6 hxg3
36.Na5 Qb5 37.b7 Nd7 38.Qc3 Qb1+ 39.Kg2 Qxe4+ 40.f3 Qe2+ 41.Kxg3 e4 42.Qc8+ Kh7
43.Qxd7 Qxf3+ 44.Kh2 Be5+ 45.Kg1 e3 46.Bxe3 Qxe3+ 47.Kf1 Qf3+ 48.Kg1 Bd4+
49.Kh2 Qf2+ 50.Kh3 Be5  0-1

[Event "Latin Cup"]
[Site "Bogota"]
[Date "1991.??.??"]
[Round "5"]
[White "Moran, Bernardo"]
[Black "Minaya, Juan M"]
[Result "1/2-1/2"]
[WhiteElo "2335"]
[BlackElo "2260"]

1.d4 g6 2.c4 Bg7 3.Nf3 d6 4.g3 Nf6 5.Bg2 O-O 6.Nc3 Nbd7 7.O-O e5 8.e4 c6
9.h3 Qe7 10.Re1 Ne8 11.Be3 f5 12.exf5 gxf5 13.dxe5 dxe5 14.Qd2  1/2-1/2

[Event "Brno Morava-C"]
[Site "Brno"]
[Date "1991.??.??"]
[Round "10"]
[White "Fominyh, Alexander"]
[Black "Bagaturov, Giorgi"]
[Result "1/2-1/2"]
[WhiteElo "2490"]
[BlackElo "2440"]

1.Nf3 Nf6 2.c4 g6 3.d4 Bg7 4.g3 O-O 5.Bg2 d6 6.O-O Nbd7 7.Qc2 e5 8.Rd1 Qe7
9.e4 c6 10.Nc3 Re8 11.b3 exd4 12.Nxd4 Nc5 13.f3 a5 14.Be3 Nfd7 15.Bf2 Ne5
16.Rab1 Qf6 17.h3 h5 18.f4 Ned7 19.Nde2 Qe7 20.Re1 Nf6 21.Nd4 Qc7 22.Rbd1 Bd7
23.Nf3 Rad8 24.Nh4 Ne6 25.f5 Nf8 26.e5 Rxe5 27.Rxe5 dxe5 28.fxg6 fxg6 29.Nxg6 Nxg6
30.Qxg6 Be8 31.Rxd8 Qxd8 32.Qc2 Bd7 33.Be3 Qc8 34.Kh2 Bf5 35.Qd2 Qe8 36.Ne2 a4
37.Qb4 axb3 38.axb3 Qd7 39.Nc1 Kh7 40.Qe1 Bg6 41.Qe2 Qf5 42.b4  1/2-1/2

[Event "Honved"]
[Site "Budapest"]
[Date "1991.??.??"]
[Round "4"]
[White "Csom, Istvan"]
[Black "Farago, Sandor"]
[Result "1-0"]
[WhiteElo "2460"]
[BlackElo "2395"]

1.d4 Nf6 2.c4 g6 3.Nf3 Bg7 4.g3 d6 5.Bg2 O-O 6.Nc3 c6 7.O-O Bf5 8.b3 Ne4
9.Bb2 Nxc3 10.Bxc3 Be4 11.Qd2 Nd7 12.Rac1 d5 13.Ba5 b6 14.Bc3 Qb8 15.cxd5 cxd5
16.Bh3 Bxf3 17.Bxd7 Qb7 18.Bh3 Be4 19.Bb4 a5 20.Ba3 a4 21.Bb4 axb3 22.axb3 Rfe8
23.g4 f5 24.g5 e5 25.Bc3 f4 26.f3 Bf5 27.Bxf5 gxf5 28.dxe5 Bxe5 29.Bxe5 Rxe5
30.Qxf4 Rae8 31.Rf2 Qd7 32.Rc2 d4 33.Rd2 Rd5 34.Rd3 Re6 35.h4 Kg7 36.Rg2 Qd6
37.Qxd6 Rexd6 38.Kf2 Rc6 39.Kg3 Rc3 40.Kf4 Rc2 41.h5 Rc3 42.Rg1 Rxd3 43.exd3 h6
44.gxh6+ Kxh6 45.Rg6+ Kxh5 46.Rg5+ Kh6 47.Rxf5  1-0

[Event "Autoteam"]
[Site "Budapest"]
[Date "1991.??.??"]
[Round "5"]
[White "Horvath, Jozsef"]
[Black "Teske, Henrik"]
[Result "1/2-1/2"]
[WhiteElo "2540"]
[BlackElo "2395"]

1.d4 Nf6 2.Nf3 g6 3.c4 Bg7 4.g3 O-O 5.Bg2 d6 6.Nc3 Nc6 7.O-O Bf5 8.b3 Ne4
9.Nd5 e6 10.Ne3 Nc3 11.Qd2 Nxd4  1/2-1/2

[Event "Elekes mem"]
[Site "Budapest"]
[Date "1991.??.??"]
[Round "5"]
[White "Stern, Rene"]
[Black "Paehtz, Thomas Sr"]
[Result "1-0"]
[WhiteElo "2370"]
[BlackElo "2455"]

1.d4 Nf6 2.c4 g6 3.Nf3 Bg7 4.g3 O-O 5.Bg2 d6 6.O-O Nc6 7.Nc3 Bf5 8.b3 Ne4
9.Bb2 Nxc3 10.Bxc3 e5 11.d5 Ne7 12.Ne1 Qd7 13.e4 Bh3 14.Qe2 Bxg2 15.Nxg2 f5
16.f4 Rae8 17.fxe5 dxe5 18.Rae1 c6 19.exf5 cxd5 20.fxg6 Rxf1+ 21.Rxf1 Nxg6
22.cxd5 Qxd5 23.Ne3 Qc5 24.Qc4+ Qxc4 25.Nxc4 Rd8 26.Re1 b5 27.Nd2 a5 28.Bxa5 Ra8
29.b4 Rc8 30.Ne4 Rc2 31.a3 Ne7 32.Bb6 Ra2 33.Bc5 Nc6 34.Re3 Nd4 35.Bxd4 exd4
36.Rd3 Kf7 37.Nd6+ Ke6 38.Nxb5 Ra1+ 39.Kf2 Kd5 40.Rd2 Rc1 41.Ke2 Kc4 42.Nd6+ Kd5
43.Nf5 Bf6 44.Ne3+ Ke4 45.Ng4 Bg5 46.Nf2+ Kd5 47.Rb2 Rc3 48.b5 Re3+ 49.Kd1 Rxa3
50.b6 Ra8 51.Rb5+ Kc4 52.Rxg5 Rb8 53.Kc2 Rxb6 54.Nd3  1-0

[Event "Budapest"]
[Site "Budapest"]
[Date "1991.??.??"]
[Round "7"]
[White "Stajcic, Nikola"]
[Black "Zueger, Beat"]
[Result "0-1"]
[WhiteElo "2345"]
[BlackElo "2425"]

1.d4 Nf6 2.c4 g6 3.Nf3 Bg7 4.g3 O-O 5.Bg2 d6 6.O-O c6 7.Nc3 a6 8.a4 a5 9.h3 Nbd7
10.e4 e5 11.dxe5 Nxe5 12.Nxe5 dxe5 13.Be3 Be6 14.b3 Qe7 15.Qc2 Nh5 16.Bc1 Rfd8
17.Ba3 Qe8 18.Rad1 Bf8 19.Qc1 Bxa3 20.Qxa3 Qf8 21.Qxf8+ Kxf8 22.Rxd8+ Rxd8
23.Rd1 Rxd1+ 24.Nxd1 Ke7 25.Nb2 Nf6 26.Kf1 Nd7 27.Nd3 b5 28.axb5 cxb5 29.cxb5 Bxb3
30.Ke1 Bc4 31.Bf1 Bxb5 32.Be2 Kd6 33.f4 Bxd3 34.Bxd3 Kc5 35.Ke2 Kd4 36.Bb1 Nc5
37.Kf3 f6 38.g4 g5 39.fxg5 fxg5 40.h4 h6  0-1

[Event "Spring op"]
[Site "Budapest"]
[Date "1991.??.??"]
[Round "7"]
[White "Lempert, Igor"]
[Black "Mowsziszian, Karen"]
[Result "1-0"]
[WhiteElo "2425"]
[BlackElo "2395"]

1.d4 Nf6 2.c4 g6 3.Nf3 Bg7 4.g3 O-O 5.Bg2 d6 6.O-O Nbd7 7.Nc3 e5 8.e4 c6
9.h3 Qb6 10.d5 Nc5 11.Qe2 cxd5 12.cxd5 Bd7 13.Be3 Rac8 14.Rab1 a5 15.Nd2 Qd8
16.Nb5 Ne8 17.Rbc1 b6 18.b3 f5 19.exf5 gxf5 20.Na7 Rc7 21.Nc6 Qf6 22.Qh5 Bxc6
23.dxc6 e4 24.a3 d5 25.b4 axb4 26.axb4 Nd3 27.b5 Nxc1 28.Rxc1 Rc8 29.Nb3 Nc7
30.Bf1 Rb8 31.Qd1 Bh6 32.Bd4 Qd6 33.Ra1 Ne6 34.Ra7 Nxd4 35.Nxd4 Bg7 36.Rd7 Qe5
37.c7 Rbc8 38.Nc6 Qe6 39.Ne7+ Kh8 40.Qxd5 Qxd5 41.Nxd5 Be5 42.h4 e3 43.f4 Bd4
44.Kg2 Ra8 45.Be2 Bc5 46.Kf3 h5 47.Nxe3 Rfe8 48.Nxf5 Ra2 49.Ne7 Ra3+ 50.Kg2 Ra2
51.Rd8 Rxe2+ 52.Kh3 Bg1 53.Rxe8+ Kh7 54.Rh8+ Kg7 55.Rxh5 Rc2 56.c8=Q  1-0

[Event "Cansys IM-A"]
[Site "Budapest"]
[Date "1991.??.??"]
[Round "10"]
[White "Arsovic, Goran"]
[Black "Rosenthal, Dirk"]
[Result "1/2-1/2"]
[WhiteElo "2340"]
[BlackElo "2345"]

1.d4 Nf6 2.Nf3 g6 3.c4 Bg7 4.g3 O-O 5.Bg2 d6 6.Nc3 Nbd7 7.O-O e5 8.e4 Re8
9.h3 exd4 10.Nxd4 Nc5 11.Re1 Bd7 12.Rb1 Qc8 13.g4 h5 14.f3 hxg4 15.hxg4 a5
16.Be3 Qd8 17.Qd2 Nh7 18.Nde2 Bf6 19.Red1 b6 20.b3 Kg7 21.Nd5 Bg5 22.Qb2+ Kg8
23.Bxg5 Qxg5 24.Qd2 Qxd2 25.Rxd2 Rac8 26.Nd4 Kg7 27.Kf2 Ng5 28.Nc3 Nge6 29.Nxe6+ Bxe6
30.g5 f6 31.gxf6+ Kxf6 32.Rh1 Rh8 33.Rxh8 Rxh8 34.Nb5 Rh7 35.Nd4 g5 36.Kg3 Bd7
37.Ne2 Rg7 38.Rd1 Rh7 39.Rd2 Rg7 40.Rd1 Ne6 41.Rh1 Nf4 42.Kf2 Ke5 43.Nxf4 Kxf4
44.Rh8 Rf7 45.Bh3 Bxh3 46.Rxh3 Rg7 47.Rg3 g4 48.a3 c6 49.Rxg4+ Rxg4 50.fxg4 Kxe4
51.Kg3 d5 52.b4 axb4 53.cxd5 Kxd5 54.axb4 Ke4 55.g5 Kf5 56.Kh4 c5 57.bxc5 bxc5
58.g6  1/2-1/2

[Event "Cansys IM-A"]
[Site "Budapest"]
[Date "1991.??.??"]
[Round "13"]
[White "Arsovic, Goran"]
[Black "Borriss, Martin"]
[Result "1/2-1/2"]
[WhiteElo "2340"]
[BlackElo "2340"]

1.d4 Nf6 2.Nf3 g6 3.c4 Bg7 4.g3 O-O 5.Bg2 d6 6.Nc3 Nc6 7.O-O Bf5 8.b3 Ne4
9.Bb2 Nxc3 10.Bxc3 Be4  1/2-1/2

[Event "Buenos Aires Konex"]
[Site "Buenos Aires"]
[Date "1991.??.??"]
[Round "3"]
[White "Devcic, Marcos"]
[Black "Zapata, Alonso"]
[Result "0-1"]
[WhiteElo "2365"]
[BlackElo "2530"]

1.d4 Nf6 2.c4 d6 3.Nf3 g6 4.g3 Bg7 5.Bg2 O-O 6.O-O Nc6 7.Nc3 a6 8.b3 Rb8
9.Bb2 b5 10.cxb5 axb5 11.Rc1 Bd7 12.d5 Na5 13.Nd4 b4 14.Nb1 e5 15.dxe6 fxe6
16.e4 c5 17.Ne2 Bb5 18.Nd2 e5 19.Nc4 Nxc4 20.bxc4 Bc6 21.Qd3 Qe7 22.Rc2 Bh6
23.Bc1 Bxc1 24.Nxc1 Ra8 25.Rb2 Ne8 26.f4 Ng7 27.Rd2 Rad8 28.Nb3 Ne6 29.Rdf2 Nd4
30.Nxd4 exd4 31.a3 Rb8 32.axb4 Rxb4 33.Re1 Qb7 34.f5 gxf5 35.exf5 Bxg2 36.Rxg2 Rb3
37.Qd1 Qf3 38.Rge2 Rd3 39.Qc1 Qxf5 40.Qh6 Rf3 41.Re7 Rf1+ 42.Kg2 Qc2+ 43.Kh3 Qg6
44.R1e6 R1f6 45.Rxf6 Rxf6 46.Re8+ Qxe8 47.Qxf6 Qh5+ 48.Kg2 Qe2+ 49.Kh3 Qe5
50.Qd8+ Kg7 51.Qd7+ Kh6 52.g4 d3 53.Qf7 d2 54.g5+ Kxg5  0-1

[Event "Buenos Aires Konex"]
[Site "Buenos Aires"]
[Date "1991.??.??"]
[Round "5"]
[White "Toth, Christian Endre"]
[Black "Zarnicki, Pablo"]
[Result "0-1"]
[WhiteElo "2305"]
[BlackElo "2390"]

1.d4 Nf6 2.c4 g6 3.Nf3 Bg7 4.g3 O-O 5.Bg2 d6 6.O-O c6 7.Nc3 Bf5 8.Ne1 Qc8
9.e4 Bh3 10.f3 Bxg2 11.Kxg2 a6 12.Be3 b5 13.c5 dxc5 14.dxc5 Nbd7 15.Nd3 Rd8
16.Qe2 Ne8 17.Rad1 Nc7 18.f4 Bxc3 19.bxc3 Nf6 20.Nf2 Qe6 21.Bd4 a5 22.Rd2 b4
23.c4 a4 24.e5 Nfe8 25.Ne4 f5 26.Ng5 Qc8 27.e6 h6 28.Nf7 Rxd4 29.Rxd4 Nxe6
30.Nxh6+ Kh7 31.Nxf5 gxf5 32.Qh5+ Kg8 33.Rd3 N8g7 34.Qh4 Qe8 35.Re1 b3 36.axb3 a3
37.b4 a2 38.Ra1 Qb8 39.Rd2 Qxb4 40.Rdxa2 Rxa2+ 41.Rxa2 Qb7 42.Re2 Kf7 43.Qh8 Qb3
44.h4 Qxc4 45.Rf2 Qd5+ 46.Kh2 Qxc5 47.Kg2 Qd5+ 48.Kh2 Qd1 49.Qc8 c5 50.Qc6 Nh5
51.Qg2 Nf6 52.Rd2 Ng4+ 53.Kh3 Qb3  0-1

[Event "Buenos Aires Konex"]
[Site "Buenos Aires"]
[Date "1991.??.??"]
[Round "7"]
[White "Szmetan, Jorge"]
[Black "Zapata, Alonso"]
[Result "0-1"]
[WhiteElo "2385"]
[BlackElo "2530"]

1.Nf3 Nf6 2.c4 d6 3.d4 g6 4.g3 Bg7 5.Bg2 O-O 6.O-O Nc6 7.Nc3 a6 8.b3 Rb8
9.a4 Na5 10.Qc2 c5 11.dxc5 Bf5 12.Qa2 dxc5 13.Be3 Qb6 14.Nd2 Rbd8 15.Rac1 Nc6
16.Nd5 Nxd5 17.cxd5 Nd4 18.Rfe1 e6 19.Bxd4 cxd4 20.Nc4 Qb4 21.e4 Bg4 22.Qd2 Qxd2
23.Nxd2 exd5 24.exd5 Rfe8 25.h3 Be2 26.d6 d3 27.Bxb7 Rxd6 28.b4 Rb8 29.Rc7 Rxb7
30.Rxb7 Bc3 31.b5 Bxd2 32.Rb1 axb5 33.axb5 Ba5  0-1

[Event "BUL-ch"]
[Site "?"]
[Date "1991.??.??"]
[Round "6"]
[White "Delchev, Aleksander"]
[Black "Topalov, Veselin"]
[Result "1/2-1/2"]
[WhiteElo "2360"]
[BlackElo "2455"]

1.d4 Nf6 2.Nf3 d6 3.c4 g6 4.g3 Bg7 5.Bg2 O-O 6.O-O Nbd7 7.Qc2 e5 8.Rd1 exd4
9.Nxd4 a6 10.e4 Re8 11.h3 Nc5 12.Nc3 Bd7 13.Rb1 Qc8 14.b4 Ne6 15.Nde2 h6
16.f4 c5 17.Be3 Nd4 18.Nxd4 cxd4 19.Bxd4 Qxc4 20.Qb2 Bc6 21.Rbc1 Qe6 22.a4 Kh7
23.b5 axb5 24.axb5 Bxe4 25.Bxe4 Nxe4 26.Bxg7 Nxc3 27.Qxc3 Ra2 28.Ra1 Re2
29.Bd4 Qxh3 30.Qf3  1/2-1/2

[Event "Burgas"]
[Site "Burgas"]
[Date "1991.??.??"]
[Round "7"]
[White "Pavlovic, Dragoljub"]
[Black "Raicevic, Ivica"]
[Result "1/2-1/2"]
[WhiteElo "2310"]
[BlackElo "2290"]

1.d4 Nf6 2.Nf3 g6 3.c4 Bg7 4.g3 d6 5.Bg2 O-O 6.O-O Nc6 7.Nc3 e5 8.d5 Ne7
9.c5 Nd7 10.cxd6 cxd6  1/2-1/2

[Event "Cacak"]
[Site "Cacak"]
[Date "1991.??.??"]
[Round "1"]
[White "Drasko, Milan"]
[Black "Pavlovic, Milos"]
[Result "1-0"]
[WhiteElo "2500"]
[BlackElo "2480"]

1.d4 Nf6 2.c4 g6 3.Nf3 Bg7 4.g3 O-O 5.Bg2 d6 6.O-O Nbd7 7.Qc2 e5 8.Rd1 Qe7
9.e4 c6 10.Nc3 exd4 11.Nxd4 Re8 12.b3 a5 13.Rb1 Nc5 14.f3 Nfd7 15.Nce2 Ne5
16.h3 h5 17.a3 a4 18.b4 Ne6 19.f4 Nxd4 20.Nxd4 Nd7 21.Bb2 Nf6 22.Re1 Bd7
23.Rbd1 d5 24.e5 Ne4 25.Kh2 Rad8 26.cxd5 cxd5 27.Bxe4 dxe4 28.Qxe4 Bc8 29.Nb5 Bf5
30.Qg2 Rxd1 31.Rxd1 Rc8 32.Rd2 Be6 33.Nd6 Rc7 34.Ne4 Rd7 35.Nd6 Rc7 36.Nb5 Rc4
37.Nd6 Rc7 38.Ne4 Rd7 39.Nc5 Rxd2 40.Qxd2 b5 41.Bc3 Qe8 42.Qd3 Qc6 43.Nxe6 Qxe6
44.Bd4 Qd5 45.Qe3 Bh6 46.g4 Qd7 47.Kg3 hxg4 48.hxg4 Qd5 49.Bc5 Bf8 50.Bxf8 Kxf8
51.f5 Qb3 52.Kf4 g5+ 53.Ke4 Qc4+ 54.Qd4 Qc6+ 55.Qd5 Qc2+ 56.Qd3 Qg2+ 57.Qf3 Qa2
58.f6 Qb1+ 59.Qd3 Qh1+ 60.Kd4 Qg1+ 61.Kd5 Qxg4 62.Qxb5 Qe6+ 63.Kd4 Kg8 64.Qxa4 g4
65.Qa8+ Kh7 66.Qd5 Qxd5+ 67.Kxd5 g3 68.e6 fxe6+ 69.Kxe6 g2 70.f7 g1=Q 71.f8=Q Qe3+
72.Kd7 Qxa3 73.Qf5+ Kh8 74.Qe5+ Kh7 75.Qe4+ Kh6 76.b5 Qa7+ 77.Kc8 Kg5 78.Qd5+ Kh4
79.Qd8+ Kh5 80.Qe8+ Kh4 81.Qe1+ Kh3 82.Qe6+ Kh4 83.b6 Qa6+ 84.Kc7 Qa5 85.Qc4+ Kh3
86.Kc6 Qa8+ 87.Kc7 Qa5 88.Qd4 Kh2 89.Kc6 Qa6 90.Qe5+ Kh1 91.Qd5+ Kh2 92.Kc7 Qa1
93.Qd2+ Kh3 94.b7 Qa7 95.Qd7+ Kh4 96.Qb5  1-0

[Event "Cacak"]
[Site "Cacak"]
[Date "1991.??.??"]
[Round "5"]
[White "Drasko, Milan"]
[Black "Nikolic, Stanimir"]
[Result "1/2-1/2"]
[WhiteElo "2500"]
[BlackElo "2325"]

1.d4 Nf6 2.c4 g6 3.Nf3 Bg7 4.g3 O-O 5.Bg2 d6 6.O-O c6 7.Nc3 Nbd7 8.e4 e5
9.b3 Re8 10.h3 a6 11.dxe5 dxe5 12.Qe2 Qc7 13.Bb2 b6 14.b4 Bb7 15.Rfc1 Nf8
16.c5 bxc5 17.bxc5 N6d7 18.Na4 Ne6 19.Nd2 a5 20.Qe3 Ba6 21.Nc4 Bxc4 22.Rxc4 Rab8
23.Bc3 Bf8 24.Rc1 Rb5 25.Bd2 Qa7 26.Bf1 Reb8 27.R4c2 Rb1 28.Qe1 Nd4 29.Rc3 R1b4
30.Qd1 Rxa4 31.Qxa4 Nxc5 32.Rxc5 Bxc5 33.Qxa5 Nf3+ 34.Kg2 Nxd2 35.Qxc5 Qxc5
36.Rxc5 Rb2 37.Bd3 Rxa2 38.Rxe5 Ra3 39.Be2 Ra2 40.Bg4 c5 41.Bd7 c4 42.Bc6 Ra7
43.Re8+ Kg7 44.Rc8 Kf6 45.Bd5 Ke5 46.Bxc4 Nxe4 47.Rd8 Rc7 48.Rd5+ Kf6 49.Rd4  1/2-1/2

[Event "Cappelle op"]
[Site "Cappelle la Grande"]
[Date "1991.??.??"]
[Round "?"]
[White "Werner, Dimo"]
[Black "Durao, Joaquim"]
[Result "1-0"]
[WhiteElo "2395"]
[BlackElo "2235"]

1.d4 Nf6 2.Nf3 g6 3.c4 Bg7 4.g3 O-O 5.Bg2 d6 6.O-O Nc6 7.Nc3 e5 8.d5 Ne7
9.e4 Ne8 10.Ne1 f5 11.Nd3 Nf6 12.f3 b6 13.Kh1 h5 14.f4 fxe4 15.fxe5 Bg4 16.Qd2 exd3
17.exf6 Rxf6 18.Rxf6 Bxf6 19.Ne4 Nf5 20.Qxd3 Nd4 21.Be3 Nf3 22.Qf1 Bxb2 23.Rb1  1-0